Mayores productores de pimienta del mundo - Estadísticas

Estadísticas generales
  • Esta prueba ha sido intentada 20 veces
  • La puntuación promedio es 7 de 10
Estadísticas de respuestas
Continente Toneladas País productor % Correcto
65.740 India
100%
126.548 Brasil
94%
33.909 China
94%
70.169 Indonesia
94%
. 257.427 Vietnam
76%
48.585 Irak
71%
40.675 Malasia
71%
45.166 Sri Lanka
47%
23.273 Tayikistan
41%
73.836 Burkina Faso
0%
No se encontraron pruebas coincidentes
Distribución de puntuación
Porcentaje de gente con cada puntuación
Porcentaje por número respondido
Historial de tus puntuaciones
No has intentado esta prueba.